000 00537cam a2200181 4500
001 1856
005 20181127164115.0
008 050228s2006 maua b 001 0 eng
010 _a 2005041697
020 _a0072877308 (alk. paper)
100 1 _aRomer, David.
245 1 0 _aAdvanced macroeconomics /
_cDavid Romer.
250 _a3rd ed.
260 _aBoston, Mass. :
_bMcGraw-Hill,
_c2006.
300 _axvii, 678 p. :
_bill. ;
_c24 cm.
504 _aIncludes bibliographical references (p. 619-655) and index.
650 0 _aMacroeconomics.
999 _c1420
_d1420